000 00330nam a22001457a 4500
020 _a81-315-1679-2
041 _aENG
100 _aMasters
245 _aPersonal Develoment For Life and Work
250 _a10th Edition
260 _aDelhi
_bCengage learning
_c2011
650 _aEnglish
700 _aWallace
856 _uEnglish
999 _c21
_d21